000 00443cam a2200181ua 4500
001 384
008 110823n ii |||gr||||Z||||||eng
040 _cMAIN
082 _a327
245 1 _aInternational relations
_cby L.N. Srivastva
250 _a11th.
260 _aDelhi:
_bSBD ,989.
300 _aix, 246p:
_c35cm.
653 _aPolitical science
653 _aInternational relations
700 _aSrivastava, L.N.,
_eAuthor.
942 _cBK
999 _c330
_d330